Visualizzazione normale
Vista MARC
- Società San Paolo
di Personal Name
Records bibliografici associati: 1
001 - CONTROL NUMBER
- control field: 16859
003 - CONTROL NUMBER IDENTIFIER
- control field: IT-RoPau
005 - DATE AND TIME OF LATEST TRANSACTION
- control field: 20140317153607.0
008 - FIXED-LENGTH DATA ELEMENTS
- fixed length control field: 140317|| aca||aabn | a|a d
040 ## - CATALOGING SOURCE
- Original cataloging agency: IT-RoPau
- Transcribing agency: IT-RoPau
100 ## - HEADING--PERSONAL NAME
- Personal name: Società San Paolo
670 ## - SOURCE DATA FOUND
- Source citation: Work cat.: (IT-RoPau)23610: Società San Paolo, Riviste dei giovani Paolini. , 1966 / 1968 / 1969 / 1983